000 00352 a2200169 4500
001 160237
020 _a85-7056-327-2
040 _cMagnum
100 _aPinsky, Mirna
240 1 0 _aNó na garganta
_lpor
245 1 0 _aNó na garganta
300 _a74
362 0 _a1991
440 1 _aAtual
697 _aLITERATURA INFANTO-JUVENIL
942 _cBK
999 _c160237
_d160237